000 00628nam a22002417a 4500
001 BR0705169
003 BR-BrBNA
005 20240410094439.0
007 ta
008 230509b bl.||||| |||| 00| 0 por d
040 _aBR-BrBNA
_bpor
_cBiblioteca Nacional de Agricultura
041 _a(Por)
072 _aB50; L70
090 _aB50
_bBR0705169
100 1 _aValle, Ruy Pereira
245 1 _aAluízio Lobato Valle um dos pioneiros da medicina veterinária no Brasil
260 3 _a[np]:
_c2006.
300 _a70 p.
650 _aBIOGRAFIA
650 _aVETERINARIO
650 _aMEDICINA VETERINARIA
942 _cBK
_2AGRIS
999 _c71508
_d71508